000 00463pab a2200169 454500
008 180718b2010 xxu||||| |||| 00| 0 eng d
100 _aLadd, Helen F.
245 _aStatus versus growth: the distributional effects of school accountability policies
260 _c2010
300 _ap.426-50.
362 _aSummer
650 _aSchools
700 _aLauen, Douglas L.
773 _aJournal of Policy Analysis and Management
908 _aN
909 _a87395
999 _c87395
_d87395